000 00559nam a2200229Ia 4500
003 OSt
005 20220918203848.0
006 a|||||r|||| 00| 0
007 ta
008 220917b |||||||| |||| 00| 0 eng d
024 _a110,095
037 _cTextual
040 _aARTS
_cARTS
_beng
041 _2eng
_aeng
082 _aV456:1:N46, K3
100 _aEagleton W
_9109958
245 0 _aKurdisih Republic of 1946
260 _c1963
650 _aHISTORY
942 _hV456:1:N46, K3
_cTEXL
_2CC
999 _c233445
_d233445